Development Finance: debates, dogmas and new directions (Record no. 6085)

MARC details
000 -LEADER
fixed length control field 00587nam a22002057a 4500
003 - CONTROL NUMBER IDENTIFIER
control field OSt
005 - DATE AND TIME OF LATEST TRANSACTION
control field 20180419144926.0
008 - FIXED-LENGTH DATA ELEMENTS--GENERAL INFORMATION
fixed length control field 180419b xxu||||| |||| 00| 0 eng d
020 ## - INTERNATIONAL STANDARD BOOK NUMBER
International Standard Book Number 9780415423175
040 ## - CATALOGING SOURCE
Transcribing agency DDC
082 ## - DEWEY DECIMAL CLASSIFICATION NUMBER
Classification number 332.04 SPR 2009
100 ## - MAIN ENTRY--PERSONAL NAME
Personal name Spratt, Stephen
9 (RLIN) 12603
245 ## - TITLE STATEMENT
Title Development Finance: debates, dogmas and new directions
260 ## - PUBLICATION, DISTRIBUTION, ETC. (IMPRINT)
Place of publication, distribution, etc. London; Routledge, 2009
300 ## - PHYSICAL DESCRIPTION
Extent xiii,418p; ill: 23.5cm
504 ## - BIBLIOGRAPHY, ETC. NOTE
Bibliography, etc Notes, references, & index included
650 ## - SUBJECT ADDED ENTRY--TOPICAL TERM
Topical term or geographic name as entry element International finance
9 (RLIN) 1014
650 ## - SUBJECT ADDED ENTRY--TOPICAL TERM
Topical term or geographic name as entry element Economic development
9 (RLIN) 521
942 ## - ADDED ENTRY ELEMENTS (KOHA)
Source of classification or shelving scheme Other/Generic Classification Scheme
Koha item type Book Bank
Holdings
Withdrawn status Lost status Source of classification or shelving scheme Damaged status Not for loan Home library Current library Date acquired Inventory number Total Checkouts Full call number Barcode Date last seen Koha item type Source of acquisition Price effective from
    Dewey Decimal Classification     MUST Main Library MUST Main Library 19/04/2018 15/38883   332.04 SPR 2009 2018-0230 19/04/2018 Open Shelf    
    Dewey Decimal Classification     MUST Main Library MUST Main Library 03/07/2024 2015/39046   332.04 SPR 2009 2024-21718 03/07/2024 Open Shelf Purchase 03/07/2024